Utilization of waste of rubber plantation and crumb rubber factory as a source of bioenergy (Record no. 72035)

MARC details
000 -LEADER
fixed length control field 00545nam a2200181Ia 4500
100 ## - MAIN ENTRY--AUTHOR NAME
Personal name Suwardin S
245 #0 - TITLE STATEMENT
Title Utilization of waste of rubber plantation and crumb rubber factory as a source of bioenergy
260 ## - PUBLICATION, DISTRIBUTION, ETC. (IMPRINT)
Name of publisher IRRDB International Rubber Conference 14-17 December 2011, Chiang
650 ## - SUBJECT ADDED ENTRY--TOPICAL TERM
Topical Term Bioenergy
650 ## - SUBJECT ADDED ENTRY--TOPICAL TERM
Topical Term Biomass
650 ## - SUBJECT ADDED ENTRY--TOPICAL TERM
Topical Term Gasification
650 ## - SUBJECT ADDED ENTRY--TOPICAL TERM
Topical Term Rubber factory waste
650 ## - SUBJECT ADDED ENTRY--TOPICAL TERM
Topical Term Rubber plantation waste
650 ## - SUBJECT ADDED ENTRY--TOPICAL TERM
Topical Term Stumps
650 ## - SUBJECT ADDED ENTRY--TOPICAL TERM
Topical Term Waste
942 ## - ADDED ENTRY ELEMENTS (KOHA)
Koha item type Journals
Holdings
Withdrawn status Lost status Damaged status Not for loan Home library Current library Shelving location Date acquired Koha item type
      Journals RRII Library RRII Library Rubber general 26/09/2013 Journals